000 00581nam a22001817a 4500
999 _c190536
_d190536
005 20220727142540.0
010 _aENG-134040
020 _c999.00
_a9789386720320
035 _aEN-117572
037 _bDBAD/PUB
082 _a000
245 _aIBPS-CWE:
_bPrevoous Year Solved Paper For Cleark Examination/
_cEd.by Jum Kipa
260 _aGaziabad
_bRathore Publishers & Distributors
_c2019
270 _aBasement, 260, shaktikhand-III, Indirapuram,
_bgaziabad
_e201010
300 _avp.
_c25cm(pbk)
_bIndex
700 _aKipa, Jum
942 _2ddc
_cEN
_h000
_mIBP